Costa Ricans say no! /
Cuando el gobierno de Costa Rica anunció sus planes de privatizar la compañía nacional de telecomunicaciones y energía, nunca se esperó que miles de manifestantes tomaran las calles. Luego de dos semanas de protestas, el gobierno accedió a echar marcha atrás, al menos por ahora. REV/SCM
Guardado en:
| 主要作者: | |
|---|---|
| 格式: | Texto |
| 主題: | |
| 標簽: |
添加標簽
沒有標簽, 成為第一個標記此記錄!
|
MARC
| LEADER | 00000 a a2200000 04500 | ||
|---|---|---|---|
| 001 | 789 | ||
| 003 | |||
| 040 | |||
| 100 | |a Rogers, Tim | ||
| 245 | |a Costa Ricans say no! / |c Tim Rogers | ||
| 520 | |a Cuando el gobierno de Costa Rica anunció sus planes de privatizar la compañía nacional de telecomunicaciones y energía, nunca se esperó que miles de manifestantes tomaran las calles. Luego de dos semanas de protestas, el gobierno accedió a echar marcha atrás, al menos por ahora. REV/SCM | ||
| 650 | |a PARTICIPACION SOCIAL | ||
| 650 | |a COMPORTAMIENTO SOCIAL | ||
| 650 | |a RESISTENCIA AL CAMBIO | ||
| 650 | |a MOVIMIENTOS SOCIALES | ||
| 650 | |a ENERGIA | ||
| 650 | |a TELECOMUNICACIONES | ||
| 650 | |a INDUSTRIA DE TELECOMUNICACIONES | ||
| 650 | |a POLITICA ENERGETICA | ||
| 650 | |a INSTITUTO COSTARRICENSE DE ELECTRICIDAD | ||
| 773 | |g volumen 20, número 3; páginas 2-5 | ||
| 999 | |c 36894 |d 36894 | ||
